The Hunger Games Catching Fire one Question per Chapter - Statistics

General Stats
  • This quiz has been taken 274 times
  • The average score is 17 of 27
Answer Stats
Hint Answer % Correct
Chapter 1) The number of houses in the Victor's Village 12
93%
4) The number of siblings Rue had 5
93%
26) The number of tributes who die in this chapter 2
89%
2) The name of the ex-Head Gamemaker Seneca Crane
85%
17) Peeta painted a picture of ___in training Rue
82%
20) The tribute who restarts Peeta's heart Finnick
81%
5) The name of the boy tribute from District 1 Marvel
79%
6) The name of the new Head Gamemaker Plutarch Heavensbee
79%
27) Katniss, Finnick and ___are rescued by District 13 Beetee
78%
16) The name of the tribute who strips in the elevator Johanna Mason
74%
3) Peeta's victor talent Painting
73%
22) The words Wiress keeps repeating Tick tock
72%
23) The name of the tribute who kills Wiress Gloss
68%
24) The muttation used in this chapter to scare Katniss and Finnick Jabberjay
67%
12) The number of tributes given for the second Quarter Quell 48
66%
10) The name of the younger female Katniss meets in the woods Bonnie
62%
8) The drug Madge brings to soothe Gale Morphling
60%
21) The colour of the monkeys' fur Orange
54%
7) Gale shoots this on his way to meet Katniss by the lake Wild Turkey
54%
15) The industry of District 10 Livestock
49%
18) The colour of the belt worn by the tributes Purple
46%
13) What Katniss drinks in Haymitch's house White Liquor
41%
14) The name of the tribute who placed 5th in the 2nd Quarter Quell Maysilee Donner
38%
19) The tribute standing in the same wedge as Katniss at the start Woof
28%
11) The type of sweet Katniss buys for Prim Peppermints
27%
9) A whipping post, stockades and a ___ are set up in the square Gallows
18%
25) The weapon in the eleven-to-twelve o'clock sector Insects
17%
No matching quizzes found
Score Distribution
Percent of People with Each Score
Percentile by Number Answered
Your Score History
You have not taken this quiz